| Registos Bibliográficos associados ao registo de autoridade |
|
Etiqueta de registo: 01064ckm 2200277 450 001 251400 003 http://id.bnportugal.gov.pt/bib/catbnp/251400 005 19981205105300.0 095 ## $aPTBN00261546 100 ## $a19901024d1990 am y0pory0103 ba 101 0# $apor 102 ## $aPT 200 1# $aFestival da Primavera$bVisual gráfico]$e3º encontro de teatro amador do Minho$fAssociação Regional do Teatro Amador do Minho$ggrafismo Zé Pinto 210 #9 $a[S.l.]$cA.R.T.A.M.,$d1990$eBraga :$gLito. Minho) 215 ## $a1 cartaz$ccolor.$d67x49 cm 675 ## $a792(084.5)$vBN$zpor$3292991 675 ## $a061.7(469.11)"1990"(084.5)$vBN$zpor$3432661 675 ## $a766(=1:469)"199"(084.5)$vBN$zpor$3589138 702 #1 $aPinto,$bZé$4410$352132 710 12 $aEncontro de Teatro Amador do Minho,$d3,$eBarcelos, etc.,$f1990$358348 712 02 $aAssociação Regional do Teatro Amador do Minho$4557$357659 801 #0 $aPT$bBN$gRPC 856 40 $uhttps://purl.pt/16132 856 41 $uhttps://purl.pt/16132/service/media/cover/low 958 ## $aBND$bInterno$cDigitalizado 966 ## $lBN$mICONOG$sCT. 6308 A.$x1
Etiqueta de registo: 01084ckm 2200289 450 001 198211 003 http://id.bnportugal.gov.pt/bib/catbnp/198211 005 20011025182400.0 095 ## $aPTBN00205759 100 ## $a19891205d1989 am y0pory0103 ba 101 0# $apor 102 ## $aPT 200 1# $aFestival da Primavera$bVisual gráfico]$eII Encontro do Teatro Amador do Minho$fAss. Reg. Teatro Amador do Minho$gdesign Bento Costa 210 #9 $a[S.l.]$cA.R.T.A.M.,$d1989$eBraga :$gLito. Minho) 215 ## $a1 cartaz$ccolor.$d70x49 cm 317 ## $aColeção Madeira Luís $5PTNB: CT. 18569 A. 330 ## $aComposição geometrizante 675 ## $a792(084.5)$vBN$zpor$3292991 675 ## $a061.3(469.11)"1989"(084.5)$vBN$zpor$3396205 675 ## $a766(=1:469)"198"(084.5)$vBN$zpor$31302430 702 #1 $aCosta,$bBento$4410$364375 710 12 $aEncontro de Teatro Amador do Minho,$d2,$eBraga, etc.,$f1989$358347 712 02 $aAssociação Regional do Teatro Amador do Minho$4557$357659 801 #0 $aPT$bBN$gRPC 856 40 $uhttps://purl.pt/15564 856 41 $uhttps://purl.pt/15564/service/media/cover/low 958 ## $aBND$bInterno$cDigitalizado 966 ## $lBN$mICONOG$sCT. 5644 A.$x1 966 ## $lBN$mICONOG$sCT. 18569 A.$x3
Etiqueta de registo: 00000nkm 2200025 450 001 2256722 003 http://id.bnportugal.gov.pt/bib/catbnp/2256722 100 ## $a20260129d1992 m y0pory01030103ba 101 0# $apor 102 ## $aPT 200 1# $aFestival da Primavera, Póvoa de Lanhoso, Fafe, Vila Verde e Braga, 2 de maio a 20
de junho$bVisual gráfico]$fARTAM - Associação Regional de Teatro Amador do Minho$g Mónica Sofia Igreja 210 #9 $a[Braga]$cARTAM - Associação Regional de Teatro Amador do Minho,$d1992$e[S.l.] :$gTipoprado - Artes Gráficas, L.da ) 215 ## $a1 cartaz$ccolor.$d65x48 cm 317 ## $aColeção Madeira Luís 675 ## $a766(=1:469)"1992"(084.5)$vBN$zpor$31980773 702 #1 $aIgreja,$bMónica Sofia,$4410$31982196 710 02 $aFestival da Primavera,$ePóvoa de Lanhoso, Fafe, Vila Verde e Braga,$f1992$31982198 712 02 $aAssociação Regional do Teatro Amador do Minho$357659 801 #0 $aPT$bBN$gRPC 966 ## $lBN$mICONOG$sCT. 18352 A.$x3 971 ## $cCaticonografia7$d20260129 995 ## $aPRR2026 $d20260129$iCaticonografia7
|
|
|